Secularism (Record no. 12062)

MARC details
000 -LEADER
fixed length control field 00457nam a2200193 a 4500
020 ## - INTERNATIONAL STANDARD BOOK NUMBER
ISBN 8185990
082 00 - DEWEY DECIMAL CLASSIFICATION NUMBER
Classification number 322.1
Author Cutter RAJ
100 ## - MAIN ENTRY--AUTHOR NAME
Author name Rajaram, N S
245 ## - TITLE STATEMENT
Title Secularism
260 ## - PUBLICATION, DISTRIBUTION, ETC. (IMPRINT)
Place of publication New Delhi
Name of publisher Voice of India
Year of publication 1995
300 ## - PHYSICAL DESCRIPTION
Number of Pages 97p
500 ## - GENERAL NOTE
General note includes index and biblioraphy
505 2# - FORMATTED CONTENTS NOTE
Formatted contents note forword by mahmud ayoub
650 ## - SUBJECT ADDED ENTRY--TOPICAL TERM
Topical Term Secularism
650 ## - SUBJECT ADDED ENTRY--TOPICAL TERM
Topical Term Hindutva
650 ## - SUBJECT ADDED ENTRY--TOPICAL TERM
Topical Term Secularism-India
942 ## - ADDED ENTRY ELEMENTS (KOHA)
Koha item type Books
700 1# -
-- Rajaram, N S
Holdings
Home library Current library Date acquired Cost, normal purchase price Full call number Accession Number Koha item type
Henry Martyn Institute Library Henry Martyn Institute Library 12/12/2008 30.00 322.1 RAJ 017791 Books
                   Copyright © 2026 | Henry Martyn Institute | Hyderabad | TS-500052 | INDIA | Implemented by hmi.edu.in
Hit-Count:

Powered by Koha